Subdivision capitals closest to Bratislava (SK) - Statistics

General Stats
  • This quiz has been taken 28 times
  • The average score is 13 of 20
Answer Stats
Distance (km) Answer % Correct
15 161 Budapest
100%
3 56 Wien
100%
10 122 Brno
95%
4 64 Győr
84%
1 44 Trnava
84%
18 170 Žilina
79%
17 164 Banská Bystrica
74%
5 75 Nitra
74%
7 108 Trenčín
74%
11 127 Zlín
68%
19 173 Graz
63%
8 110 Sankt Pölten
63%
2 55 Eisenstadt
58%
9 114 Tatabánya
58%
16 162 Olomouc
53%
13 144 Székesfehérvár
47%
6 108 Szombathely
47%
20 178 Jihlava
37%
12 131 Veszprém
37%
14 146 Zalaegerszeg
37%
No matching quizzes found
Score Distribution
Percent of People with Each Score
Percentile by Number Answered
Your Score History
You have not taken this quiz